000 00499nam a22001577a 4500
999 _c524727
_d524727
003 NUST
038 _aMr. Zahoor
082 _a005
100 _aMuhammad Sohail
_915521
245 _aRoute Discovery for Multiple Physical Interfaces Based Communications Devices in Ad- hoc Wireless Network /
_cMuhammad Sohail
260 _aIslamabad :
_bCEME - NUST,
_c2015.
300 _axii, 77, p. : ill. ;
_c30cm.
500 _aHardcover.
600 _2Software Engineering - MS Thesis
942 _2ddc
_cTHE